| 000 | 00513nam a2200169Ia 4500 | ||
|---|---|---|---|
| 003 | GCL | ||
| 008 | 140319s9999 xx 000 0 ara d | ||
| 040 |
_aGCL / _cGCL |
||
| 082 | 0 | 4 |
_aم _b030 _bش م \\=aشيماء حسنv |
| 245 | 1 | 0 | _aموسوعة المتبارون روائع الشعر من هو |
| 300 | _a262 ص | ||
| 490 |
_aسلاسل سوفنير _v0 |
||
| 650 | 0 | 4 | _aدوائر المعارف |
| 650 | 0 | 4 | _aالموسوعات العربية |
| 650 | 0 | 4 | _aالشعر - موسوعات |
| 942 |
_2ddc _cBK |
||
| 999 |
_c52218 _d52218 |
||